000 00730nam a2200241Ia 4500
003 OSt
005 20220926022427.0
006 a|||||r|||| 00| 0
007 ta
008 220923b |||||||| |||| 00| 0 eng d
037 _cGeneral Book
040 _aRTL
_cRTL
_beng
041 _2eng
_aeng
082 _aX95:(Z).59B.N9, N2
110 _aUnited Nations. Economic Commission for Europe
245 0 _aLegal aspects of privatization in industry
260 _aNew York
_bUnited Nations U. S. A.
_c1992
300 _a157p.
_ccm.
650 _aPrivate Sector Economics
700 _aUnited Nations. Economic Commission for Europe
942 _hX95:(Z).59B.N9, N2
_cGB
_2CC
999 _c639460
_d639460